000 00596nam a2200193Ia 4500
005 20250923145016.0
008 008 250917s9999 xx 000 0 eng d
037 _aTextual
040 _aDSWL
_beng
_cDSWL
041 _aeng
_2eng
084 _aY173(G6):1:12.251.N5, K1
_qDSWL
100 _aAlter, James P
_9830811
245 0 _aChurch in Delhi
_cby James P. Alter
260 _aNagpur
_bNational Christan Council of India
_c1961
300 _a164 p.
700 _aHerbert Singh
_9830812
942 _cTEXL
_hY173(G6):1:12.251.N5, K1
999 _c1445999
_d1445999